| 000 | 00619nam a22002177a 4500 | ||
|---|---|---|---|
| 005 | 20251206123754.0 | ||
| 008 | 241205b ||||| |||| 00| 0 eng d | ||
| 020 | _a9789381082249 | ||
| 040 | _cAL | ||
| 041 | _aEnglish | ||
| 082 |
_223 _a346.022 _bCHOC |
||
| 100 |
_aD S Chopra _9248155 |
||
| 245 | _aCases and materials on contract law and specific relief | ||
| 250 | _a1. | ||
| 260 |
_aNew Delhi _bThomson Reuters _c2012 |
||
| 300 |
_axxxv,444 p, _bHB _c22x14 cm. |
||
| 365 |
_a1060 _b₹547.50 _c₹ _d₹750.00 _e27% _f28-11-2024 |
||
| 650 |
_aLaw _9187773 |
||
| 700 |
_aCHOPRA (D S) _9187774 |
||
| 942 |
_2ddc _cBK |
||
| 999 |
_c232081 _d232081 |
||